Survey of metaphysics and esoterism / (Record no. 332019)
[ view plain ]
| 000 -LEADER | |
|---|---|
| fixed length control field | 01339cam a2200337 a 4500 |
| 001 - CONTROL NUMBER | |
| control field | 2405327 |
| 003 - CONTROL NUMBER IDENTIFIER | |
| control field | NUST |
| 005 - DATE AND TIME OF LATEST TRANSACTION | |
| control field | 20171107121039.0 |
| 008 - FIXED-LENGTH DATA ELEMENTS--GENERAL INFORMATION | |
| fixed length control field | 860519s1986 inu b 000 0 eng |
| 010 ## - LIBRARY OF CONGRESS CONTROL NUMBER | |
| LC control number | 86013261 |
| 020 ## - INTERNATIONAL STANDARD BOOK NUMBER | |
| International Standard Book Number | 0941532062 (pbk.) : |
| Terms of availability | $12.00 |
| 040 ## - CATALOGING SOURCE | |
| Original cataloging agency | DLC |
| Transcribing agency | DLC |
| Modifying agency | DLC |
| 041 1# - LANGUAGE CODE | |
| Language code of text/sound track or separate title | engfre |
| 050 00 - LIBRARY OF CONGRESS CALL NUMBER | |
| Classification number | BF1999 |
| Item number | .S361213 1986 |
| 082 00 - DEWEY DECIMAL CLASSIFICATION NUMBER | |
| Classification number | 299.93 |
| Author Mark | SCH |
| 100 1# - MAIN ENTRY--PERSONAL NAME | |
| Personal name | Schuon, Frithjof, |
| Dates associated with a name | 1907-1998. |
| 9 (RLIN) | 6063 |
| 240 10 - UNIFORM TITLE | |
| Uniform title | Résumé de métaphysique intégrale. |
| Language of a work | English |
| 245 10 - TITLE STATEMENT | |
| Title | Survey of metaphysics and esoterism / |
| Statement of responsibility, etc. | Frithjof Schuon ; translated by Gustavo Polit. |
| 260 ## - PUBLICATION, DISTRIBUTION, ETC. | |
| Place of publication, distribution, etc. | Bloomington, Ind. : |
| Name of publisher, distributor, etc. | World Wisdom Books, |
| Date of publication, distribution, etc. | 1986 |
| 300 ## - PHYSICAL DESCRIPTION | |
| Extent | vii, 224 p. ; |
| Dimensions | 21 cm. |
| 440 #4 - SERIES STATEMENT/ADDED ENTRY--TITLE | |
| Title | The Library of traditional wisdom |
| 9 (RLIN) | 6096 |
| 500 ## - GENERAL NOTE | |
| General note | Translation of: Résumé de métaphysique intégrale, and Sur les traces de la religion pérenne. |
| 500 ## - GENERAL NOTE | |
| General note | "First published as two books"--P. vi. |
| 500 ## - GENERAL NOTE | |
| General note | "By the same author": p. v. |
| 504 ## - BIBLIOGRAPHY, ETC. NOTE | |
| Bibliography, etc. note | Includes bibliographical references. |
| 650 #0 - SUBJECT ADDED ENTRY--TOPICAL TERM | |
| Topical term or geographic name entry element | Metaphysics |
| General subdivision | Miscellanea. |
| 9 (RLIN) | 6097 |
| 650 #0 - SUBJECT ADDED ENTRY--TOPICAL TERM | |
| Topical term or geographic name entry element | Religion |
| General subdivision | Miscellanea. |
| 9 (RLIN) | 6098 |
| 700 12 - ADDED ENTRY--PERSONAL NAME | |
| Personal name | Schuon, Frithjof, |
| Dates associated with a name | 1907-1998. |
| Title of a work | Sur les traces de la religion pérenne. |
| Language of a work | English. |
| 9 (RLIN) | 6099 |
| 906 ## - LOCAL DATA ELEMENT F, LDF (RLIN) | |
| a | 7 |
| b | cbc |
| c | orignew |
| d | 1 |
| e | ocip |
| f | 19 |
| g | y-gencatlg |
| 942 ## - ADDED ENTRY ELEMENTS (KOHA) | |
| Source of classification or shelving scheme | |
| Koha item type | Book |
| Withdrawn status | Lost status | Source of classification or shelving scheme | Damaged status | Not for loan | Permanent Location | Current Location | Shelving location | Date acquired | Full call number | Barcode | Date last seen | Copy number | Price effective from | Koha item type |
|---|---|---|---|---|---|---|---|---|---|---|---|---|---|---|
| Central Library (CL) | Central Library (CL) | Book Cart | 11/07/2017 | 299.9321 SCH | CL2389 | 11/07/2017 | 1 | 11/07/2017 | Book |
